<?xml version="1.0" encoding="UTF-8"?>
<record
    xmlns:xsi="http://www.w3.org/2001/XMLSchema-instance"
    xsi:schemaLocation="http://www.loc.gov/MARC21/slim http://www.loc.gov/standards/marcxml/schema/MARC21slim.xsd"
    xmlns="http://www.loc.gov/MARC21/slim">

  <leader>00889nam a2200193 i 4500</leader>
  <controlfield tag="001">187829</controlfield>
  <controlfield tag="003">SpMaBN</controlfield>
  <controlfield tag="005">20230906223036.0</controlfield>
  <controlfield tag="008">180312s1920    sp           |||| | spa d</controlfield>
  <datafield tag="080" ind1=" " ind2=" ">
    <subfield code="a">82.09".../04"</subfield>
  </datafield>
  <datafield tag="100" ind1="1" ind2=" ">
    <subfield code="a">Garriga y Palau, Francisco Javier (</subfield>
    <subfield code="d">1864-1941)</subfield>
    <subfield code="9">164360</subfield>
  </datafield>
  <datafield tag="245" ind1="1" ind2="0">
    <subfield code="a">Estudios elementales de literatura </subfield>
    <subfield code="b">: el antiguo Oriente y los cl&#xE1;sicos / </subfield>
    <subfield code="c">Francisco J. Garriga.</subfield>
  </datafield>
  <datafield tag="250" ind1=" " ind2=" ">
    <subfield code="a">2&#xAA; ed.</subfield>
  </datafield>
  <datafield tag="260" ind1=" " ind2=" ">
    <subfield code="a">Barcelona : </subfield>
    <subfield code="b">Librer&#xED;a Bosch, </subfield>
    <subfield code="c">1920 (</subfield>
    <subfield code="f">Imp. Labra&#xF1;a)</subfield>
  </datafield>
  <datafield tag="300" ind1=" " ind2=" ">
    <subfield code="a">383 p. ; </subfield>
    <subfield code="c">18 cm.</subfield>
  </datafield>
  <datafield tag="505" ind1="8" ind2=" ">
    <subfield code="a">Contiene: ; </subfield>
    <subfield code="t">Nociones preliminares de etnograf&#xED;a: la religi&#xF3;n, el lenguaje y las razas troncales ; </subfield>
    <subfield code="t">El antiguo Oriente ; </subfield>
    <subfield code="t">Literatura griega ; </subfield>
    <subfield code="t">Literatura latina</subfield>
  </datafield>
  <datafield tag="650" ind1="0" ind2="4">
    <subfield code="a">Literatura antigua-</subfield>
    <subfield code="x">Historia y cr&#xED;tica.</subfield>
    <subfield code="9">14503</subfield>
  </datafield>
  <datafield tag="852" ind1=" " ind2=" ">
    <subfield code="a">ES-MaACL</subfield>
    <subfield code="j">L-31892 </subfield>
    <subfield code="z">- Enc. cart. </subfield>
    <subfield code="z">. - Donat. herederos de la bibl. de M&#xAA; del Pilar Costa Palac&#xED;n</subfield>
  </datafield>
  <datafield tag="999" ind1=" " ind2=" ">
    <subfield code="c">187829</subfield>
    <subfield code="d">187829</subfield>
  </datafield>
  <datafield tag="952" ind1=" " ind2=" ">
    <subfield code="0">0</subfield>
    <subfield code="1">0</subfield>
    <subfield code="4">0</subfield>
    <subfield code="7">0</subfield>
    <subfield code="a">ATENEOM</subfield>
    <subfield code="b">ATENEOM</subfield>
    <subfield code="c">DEPO2</subfield>
    <subfield code="d">2018-03-12</subfield>
    <subfield code="e">DON</subfield>
    <subfield code="l">0</subfield>
    <subfield code="o">L-31892</subfield>
    <subfield code="p">1198461</subfield>
    <subfield code="r">2023-02-23 00:00:00</subfield>
    <subfield code="w">2023-02-23</subfield>
    <subfield code="y">MONOGRAFIA</subfield>
  </datafield>
</record>
